[Event "Contrecoeur-B"]
[Site "Contrecoeur"]
[Date "2018.11.04"]
[Round "4.3"]
[White "Duplessis, Jean Roch"]
[Black "Mathieu, Jeremie"]
[Result "1/2-1/2"]
[WhiteElo "1733"]
[BlackElo "1730"]
[PlyCount "33"]
[EventDate "2018.11.02"]
[EventType "swiss"]
[EventRounds "5"]
[EventCountry "CAN"]
[SourceTitle "EXT 2022"]
[Source "ChessBase"]
[SourceDate "2021.10.06"]
[SourceVersion "1"]
[SourceVersionDate "2021.10.06"]
[SourceQuality "1"]

1. e4 e5 2. Nf3 Nc6 3. Nc3 d6 4. Bb5 Bd7 5. d4 exd4 6. Nxd4 Nxd4 7. Bxd7+ Qxd7 8. Qxd4 Nf6 9. Bg5 Be7 10. 0-0-0 h6 11. Bh4 c5 12. Qd3 Rd8 13. Rhe1 a6 14. f4 Qg4 15. Bg3 0-0 16. Nd5 Nxd5 17. exd5 1/2-1/2

[Event "Gatineau Outaouais op U1900"]
[Site "Gatineau"]
[Date "2014.06.??"]
[Round "3"]
[White "Poirier, Alexis"]
[Black "Mathieu, Jeremie"]
[Result "0-1"]
[WhiteElo "1577"]
[BlackElo "1584"]
[PlyCount "57"]
[EventDate "2014.06.??"]
[EventType "swiss"]
[EventRounds "5"]
[EventCountry "CAN"]
[SourceTitle "EXT 2022"]
[Source "ChessBase"]
[SourceDate "2021.10.06"]
[SourceVersion "1"]
[SourceVersionDate "2021.10.06"]
[SourceQuality "1"]

1. e4 e5 2. Nf3 Nc6 3. Bb5 a6 4. Ba4 Nf6 5. 0-0 b5 6. Bb3 Bc5 7. c3 Bb6 8. d3 d6 9. h3 h6 10. Re1 Be6 11. Nbd2 Na5 12. Bxe6 fxe6 13. d4 exd4 14. cxd4 0-0 15. Qe2 Qd7 16. b4 Nc6 17. Qe3 a5 18. bxa5 Bxa5 19. Qb3 Rab8 20. Bb2 Kh8 21. Rac1 d5 22. Bc3 b4 23. Ba1 Bb6 24. Qa4 Nxd4 25. Qxd7 Nxf3+ 26. Nxf3 Nxd7 27. exd5 exd5 28. Re7 Nf6 29. Ne5 0-1

[Event "Gatineau Outaouais op U1900"]
[Site "Gatineau"]
[Date "2014.06.??"]
[Round "4"]
[White "Tremblay, Mario"]
[Black "Mathieu, Jeremie"]
[Result "0-1"]
[WhiteElo "1676"]
[BlackElo "1584"]
[PlyCount "49"]
[EventDate "2014.06.??"]
[EventType "swiss"]
[EventRounds "5"]
[EventCountry "CAN"]
[SourceTitle "EXT 2022"]
[Source "ChessBase"]
[SourceDate "2021.10.06"]
[SourceVersion "1"]
[SourceVersionDate "2021.10.06"]
[SourceQuality "1"]

1. e4 d6 2. f4 e5 3. Nf3 g6 4. Bc4 f6 5. fxe5 dxe5 6. 0-0 Bg4 7. Bf7+ Kxf7 8. Ng5+ Kg7 9. Qxg4 fxg5 10. Qe6 Qe7 11. Qc8 c6 12. d4 Nh6 13. Nc3 Qd7 14. Qxd7+ Nxd7 15. Bxg5 exd4 16. Ne2 Bc5 17. Kh1 Rhf8 18. Nf4 Rae8 19. Nd3 Rxf1+ 20. Rxf1 Be7 21. Bd2 Bd6 22. e5 Nxe5 23. Re1 Nhf7 24. Bf4 Re7 25. Nxe5 0-1